| 000 | 00589nam a2200169 i 4500 | ||
|---|---|---|---|
| 001 | 96987 | ||
| 003 | ES-MaACL | ||
| 005 | 20230906182021.0 | ||
| 007 | t| | ||
| 008 | 050705s1958 mx |||| | spa d | ||
| 110 | 2 |
_aNaciones Unidas. _bComisión Económica para América Latina. _95959 |
|
| 245 | 1 | 0 |
_aManual de proyectos de desarrollo económico / _cestudio preparado por Cepal/Aat. |
| 260 |
_aMéxico D.F. : _bNaciones Unidas, _c1958. |
||
| 300 |
_aXV, 264 p. ; _c27 cm. |
||
| 650 | 0 | 4 |
_aProyectos de desarrollo económico y social- _zAmérica Latina. _9167905 |
| 852 |
_aES-MaACL _jE-8255 |
||
| 999 |
_c96987 _d96987 |
||